Libros de JK Rowling - Estadísticas

Estadísticas generales
  • Esta prueba ha sido intentada 18 veces
  • La puntuación promedio es 9 de 22
Estadísticas de respuestas
Año Libro % Correcto
2000 El cáliz de fuego
93%
1999 El prisionero de Azkaban
93%
2003 La orden del fénix
93%
1997 La piedra filosofal
93%
2007 Las reliquias de la muerte
93%
1998 La cámara secreta
86%
2001 Animales fantásticos y dónde encontrarlos
71%
2005 El misterio del príncipe
71%
2001 Quidditch a través de los tiempos
43%
2016 El legado maldito
21%
2007 Los cuentos de Beedle el Bardo
21%
2012 Una vacante imprevista
21%
2018 Blanco letal
7%
2013 El canto del cuco
7%
2021 El cerdito de navidad
7%
2020 El Ickabog
7%
2015 El oficio del mal
7%
2014 Gusano de seda
7%
2020 Sangre turbia
7%
2016 Historias cortas de Hogwarts sobre heroísmo, esfuerzo y pasatiempos peligrosos
0%
2016 Historias cortas de Hogwarts sobre poder, política y molestos poltergeists
0%
2016 Hogwarts: la guía incompleta y poco fiable
0%
No se encontraron pruebas coincidentes
Distribución de puntuación
Porcentaje de gente con cada puntuación
Porcentaje por número respondido
Historial de tus puntuaciones
No has intentado esta prueba.